Online Catalogue and eLibrary

Women in politics and decision-making in the late twentieth century : (Record no. 536)

MARC details
000 -LEADER
fixed length control field 00666pam a2200193 a 4500
001 - CONTROL NUMBER
control field 4867344
005 - DATE AND TIME OF LATEST TRANSACTION
control field 20240304032706.0
008 - FIXED-LENGTH DATA ELEMENTS--GENERAL INFORMATION
fixed length control field 920117s1992 ne a b 000 0 eng
020 ## - INTERNATIONAL STANDARD BOOK NUMBER
ISBN 9211301440.
040 ## - CATALOGING SOURCE (பட்டியலாக்க மூலம்)
Original cataloging agency DLC
Transcribing agency DLC
Modifying agency DLC
082 00 - DDC Classification
Class No. 323.334.
DDC Edition Number 20
Item Number - Author Mark WOM.
245 00 - TITLE STATEMENT
Title Women in politics and decision-making in the late twentieth century :
Remainder of title a United Nations study /
Statement of responsibility, etc. United Nations Office at Vienna, Centre for Social Development and Humanitarian Affairs.
260 ## - PUBLICATION, DISTRIBUTION, ETC.
Place of publication, distribution, etc. Dordrecht ;
Name of publisher, distributor, etc. Martinus Nijhoff Publisher ,
Date of publication, distribution, etc. 1992.
300 ## - PHYSICAL DESCRIPTION
Extent (e.g. Volumes, Pages etc.) xv, 123 p. :
650 #0 - SUBJECT ADDED ENTRY--TOPICAL TERM
Topical term or geographic name entry element Women in public life.
650 #0 - SUBJECT ADDED ENTRY--TOPICAL TERM
Topical term or geographic name entry element Women
650 #0 - SUBJECT ADDED ENTRY--TOPICAL TERM
Topical term or geographic name entry element Women government executives.
942 ## - Koha item type (Biblio)
Koha item type Books in Stacks (Lending)
Holdings
Lost status Damaged status Collection code Home library Current library Date acquired Full call number Accession Number Item type
    Lending WERC Library WERC Library 03/04/2024 323.334. WOM. 3268 Books in Stacks (Lending)

© WERC Library